| 000 | 00364nam a22001577a 4500 | ||
|---|---|---|---|
| 003 | SGT | ||
| 020 | _a978-81-312-2823-4 | ||
| 082 |
_a612.3 _bN11V |
||
| 100 | _aVENKATRAMAN, SREEMATHY | ||
| 245 | _aNUTRITION AND BIOCHEMISTRY FOR NURSES | ||
| 250 | _a1ST | ||
| 260 |
_aINDIA _bELSEVIER PUB _c2011 |
||
| 300 | _a526 | ||
| 650 | _aNUTRITION | ||
| 942 |
_2ddc _cBK _017 |
||
| 999 |
_c20131 _d20131 |
||